000 00330nam a2200097Ia 4500
082 _a658|PEOP
245 0 _aPeople management strategy in organisations : articles from Human capital review
100 _a Herholdt, Johan Randburg, South Africa, 2012
_949204
942 _cBK
008 210817s9999 xx 000 0 und d
999 _c208471
_d208469